[Event "ICS rated standard match"]
[Site "204.178.125.65"]
[Date "2000.03.15"]
[Round "?"]
[White "Hossa"]
[Black "Tinker"]
[Result "1-0"]
[WhiteElo "2251"]
[BlackElo "2308"]
[PlyCount "77"]

1. d4 d5 2. c4 dxc4 3. Nf3 b5 4. a4 c6 5. axb5 cxb5 6. Nc3 Qb6 7. b3 cxb3 8.
Qxb3 b4 9. Nd5 Qb7 10. Bf4 Be6 11. Qa4+ Bd7 12. Qa5 Nc6 13. Nc7+ Kd8 14. Qc5
Nf6 15. Ne5 Nxe5 16. Nxa8 Nc6 17. d5 Nxd5 18. Qxd5 e6 19. Qh5 f6 20. Qf7 Qxa8
21. Rd1 Qc8 22. e4 b3 23. Bb5 e5 24. Bd2 Qc7 25. O-O Bd6 26. Bxc6 Qxc6 27. Ba5+
Kc8 28. Rc1 Bc5 29. Bb4 Bxb4 30. Rxc6+ Bxc6 31. Rc1 Kb8 32. Qxb3 Rc8 33. Qxb4+
Ka8 34. Qd6 Kb7 35. Qe7+ Kb8 36. Qe6 Bb7 37. Qd6+ Ka8 38. Rxc8+ Bxc8 39. Qc7
1-0

[Event "ICS rated standard match"]
[Site "204.178.125.65"]
[Date "2000.03.15"]
[Round "?"]
[White "QueenMaxima"]
[Black "Hossa"]
[Result "0-1"]
[WhiteElo "2340"]
[BlackElo "2270"]
[PlyCount "120"]

1. c4 e5 2. Nc3 Nf6 3. g3 c6 4. Bg2 d5 5. cxd5 cxd5 6. Qb3 Nc6 7. d3 d4 8. Nd5
Nxd5 9. Bxd5 Bb4+ 10. Kf1 Qe7 11. Bxc6+ bxc6 12. Qc2 O-O 13. Nf3 Bh3+ 14. Kg1
Qf6 15. a3 Ba5 16. Bg5 Qd6 17. Rc1 f6 18. Bd2 Bxd2 19. Nxd2 Qd7 20. b3 Kh8 21.
Qc5 Qg4 22. Nf3 Rfb8 23. Rb1 Rb6 24. Rb2 Re8 25. Qc4 Qh5 26. Nh4 Be6 27. Qc2
Bd5 28. Ng2 Qh3 29. f3 Reb8 30. b4 Rb5 31. Qa4 a5 32. Ne1 c5 33. Nc2 c4 34.
dxc4 Bxc4 35. Kf2 g6 36. Rbb1 Bxe2 37. Kxe2 Qg2+ 38. Kd3 Qxf3+ 39. Kd2 Qg2+ 40.
Kd1 Qxh1+ 41. Ne1 Qxh2 42. Qb3 Qh5+ 43. Kd2 axb4 44. axb4 Rxb4 45. Qxb4 Rxb4
46. Rxb4 Qg5+ 47. Kc2 Qxg3 48. Rb8+ Kg7 49. Kd1 f5 50. Rb6 e4 51. Rb1 Kh6 52.
Rb2 f4 53. Rg2 Qb3+ 54. Kc1 Qe3+ 55. Kd1 f3 56. Rh2+ Kg5 57. Rh1 f2 58. Ng2
Qf3+ 59. Kc1 Qxg2 60. Rg1 fxg1=Q# 0-1

[Event "ICS Rated standard match"]
[Site "204.178.125.65"]
[Date "2000.03.15"]
[Round "?"]
[White "Bartello"]
[Black "Hossa"]
[Result "0-1"]
[WhiteElo "2098"]
[BlackElo "2289"]
[PlyCount "96"]

1. c4 e5 2. Nf3 e4 3. Nd4 Nc6 4. Nxc6 dxc6 5. Qc2 Nf6 6. b3 Bc5 7. Bb2 Bf5 8.
e3 O-O 9. Nc3 Qd7 10. Rd1 Rad8 11. Na4 Bb4 12. Bxf6 gxf6 13. Be2 Bg6 14. Nc3
Rfe8 15. O-O Re6 16. h3 Re7 17. Nb1 Qd6 18. Qb2 a5 19. a3 Bc5 20. Rfe1 Red7 21.
Bg4 f5 22. Be2 f4 23. Bg4 Re7 24. Qa1 b6 25. Rf1 f5 26. Be2 f3 27. gxf3 Bh5 28.
Kh1 Qh6 29. Rg1+ Kf7 30. Rg3 f4 31. exf4 Bxf2 32. Rdg1 Bxg3 33. Rxg3 exf3 34.
Bf1 Re1 35. Kg1 Qxf4 36. Qg7+ Ke6 37. Nc3 Qxd2 38. Qg5 Qd4+ 39. Kh2 Qf2+ 40.
Rg2 fxg2 41. Bxg2 Bg6 42. Ne2 Rxe2 43. Qg3 Rdd2 44. Qxf2 Rxf2 45. Kg3 Rxg2+ 46.
Kf4 Rd3 47. b4 Rgg3 48. bxa5 Rdf3# 0-1

[Event "ICS rated standard match"]
[Site "204.178.125.65"]
[Date "2000.03.15"]
[Round "?"]
[White "Hossa"]
[Black "Bartello"]
[Result "1-0"]
[WhiteElo "2291"]
[BlackElo "2074"]
[PlyCount "105"]

1. e4 c5 2. Nf3 Nc6 3. d4 cxd4 4. Nxd4 Nf6 5. Nc3 e5 6. Ndb5 d6 7. Bg5 a6 8.
Na3 Be6 9. Nc4 Nd4 10. Nd5 Bxd5 11. exd5 b5 12. Bxf6 Qxf6 13. Ne3 Nf5 14. Nxf5
Qxf5 15. Bd3 Qd7 16. O-O Be7 17. Qh5 g6 18. Qh6 Bf8 19. Qh4 f5 20. Qb4 e4 21.
Be2 Rc8 22. Qb3 Qc7 23. c3 Rb8 24. a4 Qb6 25. axb5 axb5 26. Qb4 Bg7 27. Ra5 O-O
28. Rxb5 Qc7 29. Re1 Rxb5 30. Bxb5 Ra8 31. Bc6 Ra2 32. Rb1 h6 33. Be8 Kh7 34.
Bb5 Qb6 35. Qb3 Ra5 36. c4 Bd4 37. Qg3 Ra2 38. h4 Be5 39. Qb3 Qa7 40. h5 gxh5
41. Bd7 h4 42. Bxf5+ Kg7 43. Bxe4 h3 44. Qxh3 Qe7 45. Qb3 Qg5 46. Qxa2 Bh2+ 47.
Kxh2 Qh5+ 48. Kg1 Qg5 49. Qa7+ Kf6 50. Qd7 Ke5 51. Bc2 Kd4 52. Rd1+ Kc5 53.
Qb5# 1-0

[Event "ICS rated blitz match"]
[Site "204.178.125.65"]
[Date "2000.03.15"]
[Round "?"]
[White "Hossa"]
[Black "cfd"]
[Result "1-0"]
[WhiteElo "2464"]
[BlackElo "2233"]
[PlyCount "73"]

1. e4 d6 2. d4 e5 3. Nf3 Nd7 4. Nc3 Be7 5. Bb5 c6 6. Be2 Ngf6 7. O-O O-O 8.
dxe5 dxe5 9. a3 Qc7 10. Bd2 Re8 11. Bc4 b5 12. Ba2 Nc5 13. Ng5 Rf8 14. b4 Ne6
15. Nxe6 Bxe6 16. Bxe6 fxe6 17. Qe2 Rfd8 18. Bg5 Rd7 19. Bxf6 gxf6 20. Rad1
Rad8 21. Qg4+ Kf7 22. Qh3 Rxd1 23. Qxh7+ Kf8 24. Qh8+ Kf7 25. Qh5+ Kf8 26. Nxd1
Qd7 27. Qh6+ Kf7 28. Qh7+ Kf8 29. Ne3 Qe8 30. Qh8+ Kf7 31. Qh5+ Kf8 32. Qh6+
Kf7 33. f4 exf4 34. Qxf4 Qh8 35. Ng4 Rf8 36. Ne5+ Ke8 37. Ng6 1-0

[Event "ICS rated blitz match"]
[Site "204.178.125.65"]
[Date "2000.03.15"]
[Round "?"]
[White "Hossa"]
[Black "cfd"]
[Result "1-0"]
[WhiteElo "2467"]
[BlackElo "2247"]
[PlyCount "51"]

1. e4 d6 2. d4 e5 3. Nf3 Nd7 4. Nc3 Be7 5. Bb5 c6 6. Be2 Ngf6 7. O-O O-O 8.
dxe5 dxe5 9. a3 Qc7 10. Bd2 b5 11. Bg5 Nc5 12. Bxf6 Bxf6 13. Qc1 Bg4 14. b4 Ne6
15. Nd2 Bxe2 16. Nxe2 a5 17. Nb3 a4 18. Nd2 Nd4 19. Nxd4 exd4 20. f4 c5 21.
bxc5 Qxc5 22. e5 Be7 23. Ne4 Qc4 24. f5 Rac8 25. f6 Bc5 26. Qg5 1-0

[Event "ICS Rated standard match"]
[Site "204.178.125.65"]
[Date "2000.03.15"]
[Round "?"]
[White "Endplayer"]
[Black "Hossa"]
[Result "1-0"]
[WhiteElo "2100"]
[BlackElo "2293"]
[PlyCount "89"]

1. c4 e5 2. Nc3 Nf6 3. g3 Bb4 4. Bg2 O-O 5. e3 Nc6 6. Nge2 d6 7. O-O Bg4 8. h3
Bd7 9. a3 Bxc3 10. Nxc3 Na5 11. d3 Nc6 12. b4 a6 13. Bb2 Re8 14. Qd2 Qc8 15.
Kh2 Bf5 16. f4 exf4 17. Rxf4 Ne5 18. e4 Be6 19. Raf1 Qd7 20. Rxf6 gxf6 21. Rxf6
Qe7 22. Qg5+ Ng6 23. Ne2 a5 24. b5 Qd7 25. Nf4 Re7 26. Nh5 Qd8 27. Rf4 f5 28.
Nf6+ Kf7 29. Qh5 h6 30. exf5 Bxf5 31. Rxf5 Re6 32. Bd5 Qc8 33. Qxh6 Ke7 34.
Qxg6 Re2+ 35. Kg1 c6 36. Qf7+ Kd8 37. Rh5 Re1+ 38. Kf2 Re7 39. Rh8+ Kc7 40.
Qxe7+ Kb6 41. Bd4+ c5 42. Qxd6+ Ka7 43. Bxc5+ Qxc5+ 44. Qxc5+ b6 45. Qc7# 1-0

[Event "ICS Rated standard match"]
[Site "204.178.125.65"]
[Date "2000.03.15"]
[Round "?"]
[White "Hossa"]
[Black "PegaPrismPower"]
[Result "0-1"]
[WhiteElo "2292"]
[BlackElo "2323"]
[PlyCount "95"]

1. e4 e5 2. Nc3 Nf6 3. Bc4 Nc6 4. d3 Bb4 5. Nf3 d6 6. O-O Bxc3 7. bxc3 Na5 8.
Bb3 Nxb3 9. axb3 O-O 10. h3 c5 11. Bg5 h6 12. Bh4 Re8 13. Qe2 b6 14. Nd2 Bb7
15. Qf3 Re6 16. Bxf6 Rxf6 17. Qh5 a5 18. Ra2 Rg6 19. Re1 Rg5 20. Qe2 Bc8 21.
Nf3 Rg6 22. Kh1 Be6 23. Rea1 Qd7 24. Qe3 Re8 25. Rg1 f5 26. c4 Rf6 27. Nd2 f4
28. Qf3 Rg6 29. c3 Qd8 30. Qh5 Rg5 31. Qe2 Qc8 32. Qf3 Rf8 33. Re1 Rf6 34. Raa1
Bf7 35. Qd1 Bh5 36. f3 Rxg2 37. Kxg2 Rg6+ 38. Kf2 Qxh3 39. Rg1 Qh2+ 40. Ke1
Qxg1+ 41. Nf1 Rg2 42. Qd2 Rxd2 43. Kxd2 Qf2+ 44. Kc1 Qxf1+ 45. Kb2 Qxd3 46. Ka3
Bxf3 47. Ra2 Qxc3 48. Rb2 0-1

[Event "ICS rated blitz match"]
[Site "204.178.125.65"]
[Date "2000.03.15"]
[Round "?"]
[White "QueenMaxima"]
[Black "Hossa"]
[Result "0-1"]
[WhiteElo "2417"]
[BlackElo "2474"]
[PlyCount "146"]

1. c4 e5 2. Nc3 Nf6 3. e3 Bb4 4. Qc2 Nc6 5. Nf3 O-O 6. d3 Bxc3+ 7. Qxc3 d5 8.
Nxe5 Nxe5 9. Qxe5 dxc4 10. dxc4 Re8 11. Qa5 b6 12. Qa3 Bb7 13. f3 Nh5 14. Kf2
Qh4+ 15. Kg1 Red8 16. Qb3 Qe1 17. Qc3 Qxc3 18. bxc3 Rd1 19. Kf2 Rad8 20. Rb1
Nf6 21. Rg1 c5 22. Be2 R1d7 23. e4 h6 24. a4 Bc6 25. a5 bxa5 26. e5 Ne8 27. Be3
Rc8 28. f4 Nc7 29. Bxc5 Ne6 30. Be3 g5 31. f5 Ng7 32. f6 Nf5 33. Ra1 Rb8 34.
Bc1 Rb3 35. g4 Nh4 36. Rxa5 Rxc3 37. Be3 Ng2 38. e6 fxe6 39. Bxg5 hxg5 40.
Rxg5+ Kf8 41. Rxg2 Bxg2 42. Kxg2 Rf7 43. Rg6 Rh7 44. Bf1 Rc2+ 45. Kg1 Kf7 46.
Rg7+ Rxg7 47. fxg7 a5 48. h4 a4 49. Bd3 Rc1+ 50. Kf2 a3 51. Bh7 Kxg7 52. Bd3 a2
53. g5 a1=Q 54. h5 Qd4+ 55. Ke2 Qg4+ 56. Kf2 Qxg5 57. h6+ Qxh6 58. Kf3 Qh3+ 59.
Ke4 Qxd3+ 60. Kxd3 e5 61. Ke4 Rxc4+ 62. Kxe5 Rh4 63. Kd6 Rh5 64. Ke6 Rg5 65.
Kd6 Kf7 66. Kc7 Rg6 67. Kb8 Ke8 68. Kc7 Rh6 69. Kc8 Rh7 70. Kb8 Kd8 71. Ka8 Kc7
72. Ka7 Rh6 73. Ka8 Ra6# 0-1

[Event "ICS rated standard match"]
[Site "204.178.125.65"]
[Date "2000.03.15"]
[Round "?"]
[White "prg3"]
[Black "Hossa"]
[Result "1-0"]
[WhiteElo "2240"]
[BlackElo "2285"]
[PlyCount "153"]

1. d4 Nf6 2. c4 e6 3. Nc3 Bb4 4. Qc2 c5 5. dxc5 O-O 6. a3 Bxc5 7. b4 Bd4 8. Nf3
Bxc3+ 9. Qxc3 d5 10. Bg5 Ne4 11. Bxd8 Nxc3 12. Bh4 dxc4 13. Rc1 Ne4 14. Rxc4
Nd6 15. Rc1 f6 16. e3 Bd7 17. Be2 Bc6 18. O-O e5 19. Rfd1 Nf5 20. Bg3 Ba4 21.
Rd2 Bb3 22. Rc7 Nc6 23. Rxb7 e4 24. Nd4 Ncxd4 25. exd4 Rfd8 26. d5 Rxd5 27.
Rxd5 Bxd5 28. Rd7 Be6 29. Rc7 Bb3 30. Rb7 Nxg3 31. hxg3 Kh8 32. Bb5 Bd5 33. Rd7
Be6 34. Re7 Bd5 35. Kf1 Kg8 36. Ke2 a6 37. Re8+ Rxe8 38. Bxe8 Kf8 39. Ba4 Ke7
40. Ke3 Kd6 41. Kd4 f5 42. Bd1 Bc6 43. a4 g5 44. Be2 Bb7 45. g4 f4 46. a5 Kd7
47. Bc4 Kc7 48. b5 axb5 49. Bxb5 Kb8 50. a6 Bc8 51. Kxe4 Bxg4 52. Ke5 f3 53. g3
Bc8 54. Kf6 g4 55. Kg7 h5 56. Kh6 h4 57. gxh4 g3 58. fxg3 Ka7 59. Bf1 Bxa6 60.
Bh3 f2 61. g4 Be2 62. Kg5 Kb7 63. h5 f1=Q 64. Bxf1 Bxf1 65. h6 Kc6 66. Kf6 Bd3
67. g5 Bc4 68. h7 Bd3 69. h8=Q Kb7 70. g6 Be2 71. g7 Ka6 72. g8=Q Bf1 73. Qb8
Ka5 74. Qh5+ Ka4 75. Qg4+ Ka3 76. Qgb4+ Ka2 77. Qb2# 1-0

[Event "ICS rated standard match"]
[Site "204.178.125.65"]
[Date "2000.03.16"]
[Round "?"]
[White "star"]
[Black "Hossa"]
[Result "1-0"]
[WhiteElo "2502"]
[BlackElo "2267"]
[PlyCount "97"]

1. Nc3 d5 2. e4 dxe4 3. Nxe4 e5 4. Bc4 Nc6 5. d3 Be7 6. Nf3 Nf6 7. O-O O-O 8.
Nxf6+ Bxf6 9. a4 Bg4 10. h3 Bh5 11. Re1 Qd6 12. c3 Rfe8 13. a5 e4 14. dxe4 Qxd1
15. Rxd1 Rxe4 16. Bd5 Bxf3 17. gxf3 Re5 18. Bf4 Rf5 19. Bxc7 Rc8 20. Bg3 a6 21.
Rd3 h5 22. Kf1 h4 23. Bh2 Rd8 24. Rad1 Rc8 25. b4 Be7 26. Be4 Rb5 27. Rd7 Bf6
28. Bd3 Rh5 29. Rxb7 Ne5 30. Be4 Nc4 31. Bd5 Rxd5 32. Rxd5 Bxc3 33. b5 axb5 34.
a6 Ra8 35. Rb8+ Rxb8 36. Bxb8 Nb6 37. Rd8+ Kh7 38. Bc7 Nc8 39. Rxc8 Bd4 40. Bf4
g5 41. Be3 Bh8 42. a7 Bf6 43. a8=Q b4 44. Qe4+ Kg7 45. Bc5 Bd8 46. Rxd8 g4 47.
Bf8+ Kf6 48. Rd6+ Kg5 49. Qxg4# 1-0

[Event "ICS Rated blitz match"]
[Site "204.178.125.65"]
[Date "2000.03.16"]
[Round "?"]
[White "Hossa"]
[Black "QueenMaxima"]
[Result "1-0"]
[WhiteElo "2487"]
[BlackElo "2411"]
[PlyCount "171"]

1. c4 Nc6 2. Nf3 e5 3. Nc3 Nf6 4. e4 Be7 5. Be2 Bc5 6. Nxe5 Nxe5 7. d4 Bb4 8.
dxe5 Nxe4 9. Qd4 Nxc3 10. bxc3 Be7 11. O-O O-O 12. Bd3 f5 13. c5 Kh8 14. Bc4 a5
15. Rb1 Qe8 16. Bd5 c6 17. Bc4 f4 18. f3 Bg5 19. Rb6 Rf5 20. Re1 Ra7 21. Re4
Qf8 22. Re2 Be7 23. Ba3 Rh5 24. Re4 Rf5 25. Re1 Ra8 26. Reb1 Qe8 27. Bd3 Rh5
28. R6b2 Qf7 29. Re2 Rh4 30. h3 Bg5 31. Bc4 Qe8 32. Rd2 Rh5 33. Rbd1 Qf8 34.
Bd3 b5 35. Bb2 Be7 36. Ba3 a4 37. Bb4 Rb8 38. Re2 Rh4 39. a3 Qe8 40. c4 bxc4
41. Qxc4 Qf8 42. Kh1 Rh5 43. Re4 Rf5 44. Qd4 Rb7 45. Re2 Rf7 46. Red2 Qe8 47.
Qe4 g5 48. Bc4 Rf8 49. Bc3 Kg7 50. e6+ Bf6 51. Bxf6+ Rxf6 52. exd7 Bxd7 53.
Rxd7+ Qxd7 54. Rxd7+ Rxd7 55. Kh2 Rb7 56. Bd3 Kh6 57. Bc2 Rc7 58. Bxa4 Ra7 59.
Bc2 Rc7 60. Qe8 Ra7 61. Be4 Rc7 62. Qd8 Rcf7 63. a4 Rf8 64. Qc7 R8f7 65. Qc8
Re7 66. Bxc6 Kg7 67. Qd8 Re2 68. Be4 g4 69. Qe7+ Rf7 70. Qe5+ Kf8 71. hxg4 Kg8
72. c6 Rxe4 73. fxe4 Rf8 74. Qe6+ Kg7 75. c7 h6 76. Qe7+ Kg8 77. a5 Ra8 78.
Qd8+ Rxd8 79. cxd8=Q+ Kh7 80. Qd7+ Kg6 81. Qf5+ Kg7 82. a6 f3 83. a7 f2 84.
a8=Q f1=N+ 85. Kh3 h5 86. Qaf8# 1-0

[Event "ICS rated standard match"]
[Site "204.178.125.65"]
[Date "2000.03.16"]
[Round "?"]
[White "Hossa"]
[Black "lopezjh"]
[Result "1-0"]
[WhiteElo "2260"]
[BlackElo "2083"]
[PlyCount "87"]

1. e4 c5 2. c3 d5 3. exd5 Qxd5 4. d4 cxd4 5. cxd4 Nc6 6. Nf3 e6 7. Nc3 Bb4 8.
a3 Bxc3+ 9. bxc3 Nf6 10. Bd3 O-O 11. O-O Qa5 12. c4 h6 13. Bd2 Qc7 14. Qc2 Rd8
15. Bc3 Ne8 16. Rfe1 b6 17. d5 Na5 18. dxe6 Bxe6 19. Nd4 Bd7 20. Bxa5 bxa5 21.
Bh7+ Kh8 22. Be4 Rac8 23. Rac1 Qc5 24. Qc3 Nf6 25. Nf3 Nxe4 26. Rxe4 Be6 27.
Ne5 Kg8 28. Rce1 Rc7 29. g3 a4 30. Ng6 Rb8 31. Nf4 Rb3 32. Qd2 Bd7 33. Re7 Qf5
34. Re8+ Bxe8 35. Rxe8+ Kh7 36. Qd8 g5 37. Rh8+ Kg7 38. Qf8+ Kf6 39. Qd6+ Qe6
40. Nxe6 fxe6 41. Qxc7 Kf5 42. Rxh6 Kg4 43. Qf7 a5 44. h3# 1-0

[Event "ICS rated standard match"]
[Site "204.178.125.65"]
[Date "2000.03.16"]
[Round "?"]
[White "prg3"]
[Black "Hossa"]
[Result "0-1"]
[WhiteElo "2191"]
[BlackElo "2268"]
[PlyCount "106"]

1. d4 d5 2. c4 e6 3. Nc3 c5 4. cxd5 exd5 5. Nf3 Nc6 6. Bg5 Be7 7. Bxe7 Ngxe7 8.
e3 O-O 9. dxc5 Qa5 10. Be2 Qxc5 11. O-O Qb4 12. Qd2 Bg4 13. Rfd1 Rfd8 14. Nd4
Bxe2 15. Ncxe2 Qxd2 16. Rxd2 Nxd4 17. Nxd4 Rac8 18. Kf1 Rc5 19. Ke2 Rdc8 20.
Kd1 h5 21. Rc2 Rxc2 22. Nxc2 Rc5 23. Nd4 Nc6 24. Nxc6 bxc6 25. Rc1 Rxc1+ 26.
Kxc1 c5 27. Kc2 f5 28. Kb3 Kf8 29. h4 Ke7 30. g3 Kd6 31. f4 Ke6 32. Kc3 g6 33.
Kd3 Kf6 34. Kc3 Ke7 35. Kd3 Kd6 36. Kc3 Kc6 37. Kd3 Kb5 38. Kc3 a5 39. Kb3 a4+
40. Kc3 a3 41. b3 c4 42. bxc4+ dxc4 43. Kc2 Kc6 44. Kd2 Kd5 45. Kc3 Ke4 46.
Kxc4 Kxe3 47. Kb3 Kf2 48. Kxa3 Kxg3 49. Kb4 Kxf4 50. a4 Kg4 51. Kc3 f4 52. Kd2
Kg3 53. a5 f3 0-1

[Event "ICS rated standard match"]
[Site "204.178.125.65"]
[Date "2000.03.16"]
[Round "?"]
[White "Hossa"]
[Black "prg3"]
[Result "1-0"]
[WhiteElo "2281"]
[BlackElo "2178"]
[PlyCount "64"]

1. e4 e5 2. Nf3 Nc6 3. Bb5 a6 4. Ba4 Nf6 5. O-O Be7 6. Re1 b5 7. Bb3 d6 8. c3
O-O 9. h3 Bb7 10. d4 Re8 11. Nbd2 Bf8 12. a4 h6 13. Bc2 exd4 14. cxd4 Nb4 15.
Bb1 c5 16. d5 g6 17. axb5 axb5 18. Rxa8 Qxa8 19. Re3 Bg7 20. Ra3 Qd8 21. Qb3
Qb6 22. Bd3 Nxd3 23. Qxd3 c4 24. Qc2 Nd7 25. Nf1 Ne5 26. Nxe5 Rxe5 27. Be3 Qd8
28. Bd4 Re8 29. Bxg7 Kxg7 30. Ng3 Qb6 31. Qc3+ Kg8 32. Qf6 b4 1-0

[Event "ICS rated blitz match"]
[Site "204.178.125.65"]
[Date "2000.03.16"]
[Round "?"]
[White "Muffin"]
[Black "Hossa"]
[Result "0-1"]
[WhiteElo "2402"]
[BlackElo "2508"]
[PlyCount "31"]

1. e4 e5 2. Nf3 Nc6 3. Nc3 Nf6 4. Bc4 Bb4 5. d3 d6 6. O-O Bg4 7. h3 Bxf3 8.
Qxf3 Nd4 9. Qd1 c6 10. f4 b5 11. Bb3 Bc5 12. Kh1 a5 13. f5 a4 14. Bxf7+ Kxf7
15. a3 Rf8 16. b3 0-1

[Event "ICS rated standard match"]
[Site "204.178.125.65"]
[Date "2000.03.16"]
[Round "?"]
[White "prg3"]
[Black "Hossa"]
[Result "0-1"]
[WhiteElo "2195"]
[BlackElo "2292"]
[PlyCount "48"]

1. d4 Nf6 2. c4 e6 3. Nc3 Bb4 4. Qc2 O-O 5. a3 Bxc3+ 6. Qxc3 b6 7. Bg5 Bb7 8.
f3 h6 9. Bh4 d5 10. e3 Nbd7 11. Rc1 c5 12. cxd5 exd5 13. dxc5 bxc5 14. Bb5 Qb6
15. Bxf6 Qxb5 16. Bxg7 d4 17. exd4 Rfe8+ 18. Kf2 Kxg7 19. dxc5+ Nf6 20. b4 Ba6
21. Nh3 Qe2+ 22. Kg3 Rg8 23. Nf4 Kf8+ 24. Kh3 Bc8+ 0-1

[Event "ICS rated standard match"]
[Site "204.178.125.65"]
[Date "2000.03.16"]
[Round "?"]
[White "Hossa"]
[Black "prg3"]
[Result "1/2-1/2"]
[WhiteElo "2304"]
[BlackElo "2183"]
[PlyCount "235"]

1. e4 e5 2. Nf3 Nc6 3. Bb5 a6 4. Ba4 Nf6 5. O-O Be7 6. Re1 b5 7. Bb3 d6 8. c3
O-O 9. h3 Bb7 10. d4 Re8 11. Nbd2 Bf8 12. a4 h6 13. Bc2 g6 14. d5 Nb8 15. axb5
axb5 16. Rxa8 Bxa8 17. Qe2 c6 18. dxc6 Bxc6 19. Rd1 Nbd7 20. b3 Qa8 21. Bd3 Qb7
22. Bb1 Nc5 23. Re1 Ne6 24. Bb2 Nc5 25. b4 Na4 26. Ba1 Nb6 27. Bd3 Nbd7 28. Nb3
Rb8 29. Na5 Qb6 30. Nxc6 Qxc6 31. Qa2 Ne8 32. c4 Nc7 33. cxb5 Qa8 34. Qb3 Nb6
35. Rc1 Ne6 36. Bb2 Qa4 37. Qxa4 Nxa4 38. Ba1 Be7 39. g3 Kf8 40. Kg2 Ke8 41.
Rc6 Kd7 42. Ra6 Nb6 43. Ra7+ Nc7 44. Nd2 Ra8 45. Rxa8 Ncxa8 46. Nc4 Nxc4 47.
Bxc4 Ke8 48. Bd5 Nb6 49. Bc6+ Kf8 50. g4 Bg5 51. Bc3 Ke7 52. Be1 Kd8 53. Kf1
Ke7 54. Ke2 Kf8 55. Bd2 Bxd2 56. Kxd2 g5 57. Kc3 f6 58. Kb2 Ke7 59. Kb3 Kd8 60.
Kc3 Ke7 61. Kc2 Kd8 62. Kd3 Ke7 63. Ke3 Kd8 64. Ke2 Ke7 65. Kd2 Kd8 66. Kc2 Ke7
67. f3 Kd8 68. Kc3 Ke7 69. Bd5 Kd8 70. Ba2 Kc7 71. Be6 Kd8 72. Kd3 Kc7 73. Ke2
Kb7 74. Kd2 Kc7 75. Kd3 Kb7 76. Kc3 Kc7 77. Bf7 Kb7 78. Be8 Kc7 79. Bc6 Kd8 80.
Kd3 Kc7 81. Ke3 Kd8 82. Ke2 Kc7 83. Kd3 Kd8 84. Kc2 Kc7 85. Kb3 Kd8 86. Kb2 Kc7
87. Ka3 Kd8 88. Kb3 Kc7 89. Kb2 Kd8 90. Kc1 Kc7 91. Kd2 Kd8 92. Kd1 Kc7 93. Ke2
Kd8 94. Kf2 Kc7 95. Be8 Kd8 96. Bf7 Ke7 97. Bb3 Kd8 98. Ke3 Kc7 99. Kd3 Kd7
100. Kc2 Ke7 101. Kb2 Kd7 102. Kc1 Ke7 103. Kd2 Kd7 104. Ba2 Ke7 105. Bg8 Kd7
106. Bf7 Ke7 107. Ba2 Kd7 108. Kd3 Kc7 109. Bf7 Kd7 110. Kc2 Kc7 111. Kd2 Kd7
112. Kd3 Kc7 113. Kc2 Kd7 114. Bg8 Kc7 115. Bb3 Kd7 116. Kd3 Kc7 117. Kd2 Kd7
118. Ba2 1/2-1/2

[Event "ICS rated blitz match"]
[Site "204.178.125.65"]
[Date "2000.03.16"]
[Round "?"]
[White "ZaZen"]
[Black "Hossa"]
[Result "1-0"]
[WhiteElo "2200"]
[BlackElo "2525"]
[PlyCount "63"]

1. c4 e5 2. Nc3 Nf6 3. e4 Bc5 4. g3 Nc6 5. Bg2 d6 6. h3 O-O 7. Nge2 Be6 8. d3
Nd4 9. O-O Qd7 10. Kh2 Nxe2 11. Qxe2 Qe7 12. f4 Qd8 13. f5 Bc8 14. g4 h6 15. h4
Nd7 16. g5 hxg5 17. hxg5 g6 18. f6 Nb8 19. Be3 Bxe3 20. Qxe3 Nc6 21. Qg3 Qd7
22. Bf3 Nb4 23. Rad1 Nc2 24. Be2 Nd4 25. Rg1 b5 26. cxb5 Nxe2 27. Nxe2 Qxb5 28.
Qh4 Qxb2 29. Rg2 Qxe2 30. Rxe2 Be6 31. Qh6 Bxa2 32. Qg7# 1-0

[Event "ICS rated standard match"]
[Site "204.178.125.65"]
[Date "2000.03.16"]
[Round "?"]
[White "star"]
[Black "Hossa"]
[Result "1-0"]
[WhiteElo "2509"]
[BlackElo "2299"]
[PlyCount "131"]

1. e4 e5 2. Nf3 Nc6 3. Bb5 Nf6 4. O-O Nxe4 5. d4 Be7 6. Qe2 Nd6 7. Bxc6 bxc6 8.
dxe5 Nb7 9. Nc3 O-O 10. Re1 Nc5 11. Be3 Ne6 12. Rad1 d5 13. exd6 cxd6 14. Nd4
Nxd4 15. Bxd4 Be6 16. Qf3 d5 17. Qg3 Bf6 18. Ne2 Re8 19. Qc3 Bxd4 20. Nxd4 Rc8
21. Re5 c5 22. Nxe6 fxe6 23. Qe3 Qd7 24. f4 g6 25. b3 c4 26. Rd2 cxb3 27. axb3
a5 28. c4 a4 29. cxd5 exd5 30. bxa4 Qxa4 31. Rdxd5 Rf8 32. g3 Qa2 33. Rd2 Rc1+
34. Kg2 Qc4 35. Qe2 Qc7 36. Re7 Qc6+ 37. Kh3 Rc5 38. Rdd7 Rh5+ 39. Qxh5 Qxd7+
40. Rxd7 gxh5 41. Rd5 Rf6 42. Rxh5 Kg7 43. Kg4 Rh6 44. Rxh6 Kxh6 45. f5 Kg7 46.
Kh5 Kf6 47. Kh6 Ke7 48. f6+ Ke6 49. f7 Kd5 50. f8=Q Kd4 51. Qf2+ Kd5 52. g4 Kc6
53. h4 Kd5 54. Qf4 Kc5 55. Qf5+ Kd4 56. Kxh7 Kc4 57. h5 Kd4 58. g5 Kc4 59. g6
Kc3 60. g7 Kd4 61. g8=Q Kc3 62. Qe8 Kb3 63. Qd5+ Kc3 64. Qc8+ Kb4 65. Qcc5+ Ka4
66. Qdc4# 1-0

[Event "ICS rated blitz match"]
[Site "204.178.125.65"]
[Date "2000.03.16"]
[Round "?"]
[White "Hossa"]
[Black "Tinker"]
[Result "1-0"]
[WhiteElo "2524"]
[BlackElo "2444"]
[PlyCount "109"]

1. e4 e5 2. Nf3 Nf6 3. Nxe5 d6 4. Nf3 Nxe4 5. d4 Nc6 6. Bb5 Qe7 7. O-O a6 8.
Bxc6+ bxc6 9. Re1 d5 10. Nfd2 Qh4 11. g3 Qh3 12. f3 Bd6 13. fxe4 Bg4 14. exd5+
Kf8 15. Re2 Qh5 16. Nc3 cxd5 17. Qf1 Bxe2 18. Nxe2 Kg8 19. Nf3 Qf5 20. Nc3 Qxc2
21. Nxd5 h6 22. Ne3 Qe4 23. Bd2 Rh7 24. Qf2 Rb8 25. b3 Qe6 26. Qe2 Rb5 27. Qc4
Qf6 28. Qc6 Rb8 29. Rf1 Qd8 30. Bc1 Rb6 31. Qa4 Bf8 32. Qc4 Rb4 33. Qxa6 Rb6
34. Qc4 Rb4 35. Qc6 Rb6 36. Qe4 Rf6 37. Nd5 Rd6 38. Nc3 Rf6 39. Bf4 Bd6 40.
Bxd6 cxd6 41. Nd5 Re6 42. Qc2 Qe8 43. Qc7 Qf8 44. Rf2 Re8 45. a4 Re6 46. a5 g6
47. Qd7 Rg7 48. Rc2 Kh7 49. Rc8 Qxc8 50. Qxc8 Rg8 51. Qc7 Kg7 52. b4 Ra8 53.
Kf1 Kg8 54. b5 g5 55. a6 1-0

[Event "ICS rated blitz match"]
[Site "204.178.125.65"]
[Date "2000.03.16"]
[Round "?"]
[White "Tinker"]
[Black "Hossa"]
[Result "1-0"]
[WhiteElo "2432"]
[BlackElo "2536"]
[PlyCount "107"]

1. e4 e5 2. Nf3 Nc6 3. Bb5 a6 4. Bxc6 dxc6 5. d4 exd4 6. Qxd4 Qxd4 7. Nxd4 Bd7
8. Nc3 O-O-O 9. O-O Bb4 10. Nde2 Re8 11. Be3 f5 12. exf5 Bxf5 13. Nd4 Bxc3 14.
bxc3 Bg6 15. Rfc1 Nf6 16. Re1 c5 17. Ne2 b6 18. Rac1 Bf7 19. a4 Bc4 20. Ng3 Nd5
21. Bd2 Kb7 22. Rxe8 Rxe8 23. Nf5 g6 24. Ng3 b5 25. a5 Kc6 26. f3 Re5 27. Kf2
Nf6 28. Re1 Rxe1 29. Kxe1 Nd7 30. Ne4 Bd5 31. Bf4 Bxe4 32. fxe4 c4 33. Ke2 Nc5
34. Kf3 Kd7 35. h4 Kc6 36. Bc1 Nb7 37. Kg4 Nxa5 38. Kg5 Nb7 39. Kh6 Nd6 40.
Kxh7 Nxe4 41. Kxg6 Nc5 42. h5 Ne6 43. h6 Kd7 44. Ba3 b4 45. Bxb4 c5 46. Bxc5
Nxc5 47. h7 Kd6 48. h8=Q Kc6 49. Qb8 a5 50. Kf5 Nb7 51. Ke5 Kb6 52. Kd5 a4 53.
Kxc4 a3 54. Kd5 1-0

[Event "ICS rated blitz match"]
[Site "204.178.125.65"]
[Date "2000.03.16"]
[Round "?"]
[White "MissSilicon"]
[Black "Hossa"]
[Result "0-1"]
[WhiteElo "2721"]
[BlackElo "2502"]
[PlyCount "58"]

1. c4 c5 2. Nf3 Nf6 3. Nc3 d5 4. cxd5 Nxd5 5. e4 Nb4 6. Bb5+ N8c6 7. O-O a6 8.
Ba4 b5 9. a3 Nd3 10. Bc2 c4 11. a4 b4 12. Nd5 f5 13. Nh4 fxe4 14. Qh5+ g6 15.
Nxg6 hxg6 16. Qxg6+ Kd7 17. a5 Bb7 18. Qxe4 Nce5 19. Bxd3 Nxd3 20. Qg4+ e6 21.
Nb6+ Ke7 22. Nxa8 Bxa8 23. h3 Qd5 24. f3 Qc5+ 25. Kh2 Kf7 26. g3 Bd6 27. Rb1
Nf2 28. d4 cxd3 29. Be3 Qxe3 0-1

[Event "ICS Rated blitz match"]
[Site "204.178.125.65"]
[Date "2000.03.16"]
[Round "?"]
[White "Hossa"]
[Black "MissSilicon"]
[Result "1/2-1/2"]
[WhiteElo "2527"]
[BlackElo "2696"]
[PlyCount "126"]

1. d4 f5 2. c4 e6 3. g3 Nf6 4. Bg2 Be7 5. Nc3 O-O 6. Nf3 d5 7. cxd5 Nxd5 8. O-O
Nc6 9. Nxd5 exd5 10. e3 Qd6 11. Ne5 Be6 12. Nd3 Na5 13. Bd2 Nc6 14. Qb3 Bf7 15.
Rac1 Rab8 16. Rfe1 Rfd8 17. f4 Bh5 18. Rc5 Bf7 19. Ne5 Nxe5 20. fxe5 Qd7 21.
Ra5 a6 22. Rf1 c6 23. Qd1 Ra8 24. Qf3 b6 25. Ra4 Bg6 26. b3 b5 27. Ra5 Rf8 28.
b4 Qe8 29. Ra3 Bh5 30. Qf2 Ra7 31. Rb3 Qg6 32. Rbb1 Rd7 33. Rbc1 Bg4 34. h3 Bh5
35. Bf3 Bxf3 36. Qxf3 Rc7 37. Qg2 Bg5 38. Rf3 Rd7 39. Qf2 Re7 40. Re1 Ref7 41.
Bc1 Be7 42. a3 Bg5 43. Rf1 Bh6 44. Qc2 Bg5 45. g4 fxg4 46. Qxg6 hxg6 47. Rxf7
Rxf7 48. Rxf7 Kxf7 49. hxg4 Ke6 50. Kf2 Bd8 51. Ke2 a5 52. Kd3 axb4 53. axb4
Be7 54. Bd2 Bg5 55. Be1 Be7 56. Kc2 Bg5 57. Kd2 Be7 58. Kd3 Bd8 59. Bg3 Be7 60.
Kc3 Bg5 61. Kd3 Be7 62. Kc3 Bg5 63. Kd3 Be7 1/2-1/2